[Event "Open"]
[Site "Dos Hermanas ESP"]
[Date "2000.04.10"]
[Round "4"]
[White "Hamdouchi,H"]
[Black "Estremera Panos,S"]
[Result "1-0"]
[WhiteElo "2513"]
[BlackElo "2353"]

1.e4 c5 2.Nf3 Nc6 3.Bb5 d6 4.O-O Bd7 5.c3 Nf6 6.Re1 a6 7.Bxc6 Bxc6 8.d4 Bxe4
9.Bg5 Bd5 10.Nbd2 c4 11.b3 b5 12.bxc4 bxc4 13.Nh4 Qd7 14.Bxf6 gxf6 15.Qh5 Qc6
16.Nf5 Rg8 17.g3 Rg5 18.Qxh7 Be6 19.Ne3 d5 20.f4 Rg7 21.Qh5 Qd6 22.Qf3 f5
23.Ndxc4 Qc7 24.Nxd5 Bxd5 25.Qxd5 Rd8 26.Qc5 Qxc5 27.dxc5 e6 28.c6 Rc8 29.Rab1 Bc5+
30.Kg2 Rxc6 31.Rb8+ Ke7 32.Rb7+ Ke8 33.Rd1 Rc8 34.Rdd7 Bf8 35.Ne5 f6 36.Rxg7 Bxg7
37.Rxg7  1-0

[Event "53rd ch-YUG (women)"]
[Site "Herceg Novi YUG"]
[Date "2000.04.11"]
[Round "3"]
[White "Savic,Ma"]
[Black "Prudnikova,S"]
[Result "0-1"]
[WhiteElo "2016"]
[BlackElo "2421"]

1.e4 c5 2.Nf3 Nc6 3.Bb5 g6 4.Bxc6 bxc6 5.O-O Bg7 6.Re1 f6 7.c3 Nh6 8.d4 cxd4
9.cxd4 Nf7 10.Nc3 O-O 11.b3 d6 12.Bb2 Kh8 13.Rc1 Bg4 14.h3 Bd7 15.Na4 e5
16.dxe5 fxe5 17.Ba3 Qe7 18.Nb2 Rad8 19.Nc4 c5 20.Rc3 Be6 21.Ne3 Qb7 22.Qc2 Rd7
23.Rd1 Rb8 24.Nd5 Qa6 25.Bc1 Nd8 26.Bg5 Nc6 27.Qd2 Nd4 28.Bf6 Bxd5 29.Bxg7+ Rxg7
30.exd5 Ne2+ 31.Kh1 Nxc3 32.Qxc3 Qxa2 33.Nd2 Qa3  0-1

[Event "Women's Open"]
[Site "St Petersburg RUS"]
[Date "2000.04.11"]
[Round "5"]
[White "Mashinskaya,I"]
[Black "Razuvajeva,J"]
[Result "1-0"]
[WhiteElo "2381"]
[BlackElo "2192"]

1.e4 c5 2.Nf3 Nc6 3.Bb5 g6 4.O-O Bg7 5.Re1 e5 6.Bxc6 dxc6 7.h3 Qe7 8.d3 Nf6
9.a3 Nd7 10.Be3 O-O 11.Qd2 Rd8 12.b4 cxb4 13.axb4 b6 14.Qc3 Bb7 15.Nbd2 Nf8
16.Ra3 Qc7 17.Nc4 Nd7 18.Rea1 a6 19.Qb3 h6 20.Rd1 Rac8 21.Raa1 b5 22.Na5 c5
23.bxc5 Ba8 24.c6 Bxc6 25.Nxc6 Qxc6 26.Ra2 Ra8 27.Rda1 Rdc8 28.Nd2 Nc5 29.Bxc5 Qxc5
30.Nf1 b4 31.Ne3 Rc6 32.Ra5 Qd4 33.Nc4 Rf6 34.Rf1 Bf8 35.Nxe5 Rc8 36.Rd5 Qc3
37.Nc4 Qxb3 38.cxb3 Re6 39.Ra1 Bg7 40.Raa5 Bc3 41.f3 Kg7 42.Kf1 Rc7 43.Rac5 Ra7
44.Rd8 g5 45.d4 a5 46.d5 Rea6 47.d6 a4 48.bxa4 Rxa4 49.Ne3 Ra1+ 50.Ke2 R1a2+
51.Kd3 Rd2+ 52.Kc4 Rd4+ 53.Kb5 b3 54.Nf5+ Kh7 55.Kc6 b2 56.Nxd4 b1=Q 57.Nb5 Ra6+
58.Kb7 Bd4  1-0

[Event "Women's Open"]
[Site "St Petersburg RUS"]
[Date "2000.04.15"]
[Round "9"]
[White "Zvereva,M"]
[Black "Rakitskaja,M"]
[Result "1-0"]
[WhiteElo "2254"]
[BlackElo "2162"]

1.e4 c5 2.Nf3 Nc6 3.Bb5 g6 4.Bxc6 dxc6 5.O-O Bg7 6.d3 e5 7.Be3 b6 8.h3 Ne7
9.Qd2 h6 10.Na3 Be6 11.Qc3 Qc7 12.Nc4 f6 13.a4 O-O 14.a5 Kh7 15.axb6 axb6
16.b4 b5 17.Ncd2 cxb4 18.Qxb4 Rxa1 19.Rxa1 Nc8 20.Nb3 Re8 21.Qc3 f5 22.Ra6 Ne7
23.Ra7 Qb8 24.Na5 b4 25.Qc5 fxe4 26.dxe4 Qd8 27.Nxc6 Qd1+ 28.Kh2 Nc8 29.Rxg7+ Kxg7
30.Qxe5+  1-0

[Event "XXXI Open"]
[Site "Mar del Plata ARG"]
[Date "2000.04.18"]
[Round "4"]
[White "Kanefsck,G"]
[Black "Sola,R"]
[Result "1/2-1/2"]
[WhiteElo "2395"]
[BlackElo "2293"]

1.e4 c5 2.Nf3 Nc6 3.Bb5 g6 4.O-O Bg7 5.Re1 Nf6 6.e5 Nd5 7.Nc3 Nc7 8.Bxc6 dxc6
9.Ne4 Ne6 10.d3 O-O 11.Be3 b6 12.Qd2 f5 13.exf6 exf6 14.Bh6 a5 15.Re2 Ra7
16.Rae1 Re7 17.h4 Rfe8 18.Bxg7 Kxg7 19.h5 Nd4 20.h6+ Kf7 21.Nxd4 Qxd4 22.Qf4 Kf8
23.Qf3 Bf5 24.c3 Bxe4 25.Rxe4 Qd6 26.g4 Kf7 27.a4 Rxe4 28.Rxe4 Rxe4 29.Qxe4 Qe6
30.Qf4 Qe5 31.Qc4+ Qe6  1/2-1/2

[Event "ch-FAI"]
[Site "Oyrabakki FAI"]
[Date "2000.04.18"]
[Round "5"]
[White "Simonsen,O"]
[Black "Samuelsen,Carl E"]
[Result "1-0"]
[WhiteElo "2146"]
[BlackElo "2065"]

1.e4 c5 2.Nf3 Nc6 3.Bb5 g6 4.O-O Bg7 5.Re1 Nf6 6.c3 O-O 7.d4 d5 8.e5 Ne4
9.Na3 cxd4 10.cxd4 f6 11.Qb3 Kh8 12.Bxc6 bxc6 13.Nd2 fxe5 14.Nxe4 dxe4 15.dxe5 Qd5
16.Qb4 Bf5 17.Nc4 Rfd8 18.b3 Rd7 19.Be3 Rad8 20.Rac1 Qb5 21.Qa3 Bxe5 22.Nxe5 Qxe5
23.Rxc6 Rd1 24.Rc1 R1d3 25.Qxa7 h5 26.Qc7 R8d6 27.Bc5 Re6 28.Qxe5+ Rxe5 29.a4 Bd7
30.a5 Bb5 31.b4 Kg8 32.h4 Kf8 33.Rcd1 Ke8 34.Rxd3 Bxd3 35.Rc1 Bb5 36.Bb6 Kd7
37.Rc7+ Kd6 38.Ra7 Kc6 39.Bc5  1-0

[Event "XXXI Open"]
[Site "Mar del Plata ARG"]
[Date "2000.04.20"]
[Round "6"]
[White "Sola,R"]
[Black "Panno,O"]
[Result "1/2-1/2"]
[WhiteElo "2293"]
[BlackElo "2459"]

1.e4 c5 2.Nf3 Nc6 3.Bb5 g6 4.O-O Bg7 5.Re1 e5 6.c3 Nge7 7.a4 O-O 8.Na3 h6
9.Nc2 f5 10.exf5 gxf5 11.d4 cxd4 12.cxd4 e4 13.Nh4 d5 14.Bf4 Kh7 15.Ra3 Rf6
16.Ree3 Bd7 17.Rh3 Ng6 18.Bg5 f4 19.Nxg6 Kxg6 20.Qh5+ Kh7 21.Bxf6 Qxf6 22.Qxd5 Bxh3
23.Rxh3 Re8 24.Bxc6 bxc6 25.Qc5 e3 26.fxe3 fxe3 27.Rxe3 Rxe3 28.Nxe3 Qxd4
29.Qxd4 Bxd4  1/2-1/2

[Event "ch-BC"]
[Site "Vancouver CAN"]
[Date "2000.04.22"]
[Round "4"]
[White "Herder,D"]
[Black "Yoos,J"]
[Result "1/2-1/2"]
[WhiteElo "2263"]
[BlackElo "2371"]

1.e4 c5 2.Nf3 Nc6 3.Bb5 g6 4.Bxc6 dxc6 5.d3 Bg7 6.h3 e5 7.Be3 b6 8.Nc3 Qe7
9.O-O Nf6 10.Qd2 O-O 11.Bh6 Ne8 12.Rae1 Bxh6 13.Qxh6 f6 14.Nh2 Nd6 15.f4 Nf7
16.Qh4 Bd7 17.fxe5 Nxe5 18.Nf3 Rae8 19.Qg3 Qg7 20.Re3 Bc8 21.Nxe5 Rxe5 22.Ref3 Qe7
23.b3 Kg7 24.Nb1 Re6 25.Nd2 Qd6 26.Qxd6 Rxd6 27.e5 Re6 28.Rxf6 Rexf6 29.exf6+ Rxf6
30.Rxf6 Kxf6  1/2-1/2

[Event "ch-IRL"]
[Site "Castleconnell IRL"]
[Date "2000.04.24"]
[Round "3"]
[White "Heidenfeld,M"]
[Black "Daly,C"]
[Result "1/2-1/2"]
[WhiteElo "2328"]
[BlackElo "2377"]

1.e4 c5 2.Nf3 Nc6 3.Bb5 e6 4.O-O Nge7 5.Re1 a6 6.Bf1 d5 7.exd5 Nxd5 8.d4 Nf6
9.c3 Be7 10.g3 cxd4 11.cxd4 O-O 12.Bg2 Qb6 13.Nc3 Rd8 14.Na4 Qa7 15.Be3 Nd5
16.Nc3 Nxe3 17.fxe3 Bd7 18.Rc1 Rac8 19.Qe2 Be8 20.Red1 Rc7 21.a3 h6 22.Qe1 Rcc8
23.Bh3 Rb8 24.b4 b5 25.Ne4 a5 26.Nc5 Qb6 27.Bg2 Rdc8 28.Rc2 Rc7 29.Rdc1 axb4
30.axb4 Ra7 31.Qd2 Rd8 32.Qe1 Ra3 33.Kh1 Nb8 34.Ne5 f6 35.Ned3 Bg6 36.Rc3 Ra2
37.Qd1 Bf7 38.R3c2 Ra7 39.Qf3 Bg6 40.Rc3 Bf8 41.Nf4 Bf7 42.Nfd3 Re7 43.Nb7 Rdd7
44.Ndc5 Rd5 45.Na5 e5 46.Qd1 exd4 47.Bxd5 dxc3 48.Rxc3 f5 49.Qd4 Qg6 50.Kg2 Kh7
51.Bf3 Re8 52.Rd3 Be7  1/2-1/2

[Event "Julian Borowski B"]
[Site "Essen GER"]
[Date "2000.04.30"]
[Round "4"]
[White "Seul,G"]
[Black "Van der Weide,K"]
[Result "1-0"]
[WhiteElo "2436"]
[BlackElo "2452"]

1.e4 c5 2.Nf3 Nc6 3.Bb5 g6 4.Bxc6 dxc6 5.d3 Bg7 6.h3 e5 7.Be3 Qe7 8.Nbd2 f6
9.a4 Be6 10.c3 Nh6 11.d4 cxd4 12.cxd4 Nf7 13.dxe5 fxe5 14.Qc2 Qc7 15.O-O O-O
16.b4 Rfc8 17.Rfc1 Qe7 18.Qb2 g5 19.Nf1 h5 20.N3h2 Qf6 21.Qe2 Qg6 22.b5 cxb5
23.axb5 Nh6 24.Rxc8+ Rxc8 25.Rxa7 g4 26.hxg4 hxg4 27.Ng3 Bf6 28.Nf5 Nxf5
29.exf5 Qxf5 30.Rxb7 Qe4 31.Nxg4 Bxg4 32.Qa2+ Kh8 33.Qf7 Qb1+ 34.Kh2 Qf5
35.Bg5  1-0

[Event "3rd Open"]
[Site "Tanta City EGY"]
[Date "2000.05.04"]
[Round "2"]
[White "Ahmed,Es"]
[Black "Mousa,A"]
[Result "1-0"]
[WhiteElo "2363"]
[BlackElo "2281"]

1.e4 c5 2.Nf3 Nc6 3.Bb5 Nd4 4.Nxd4 cxd4 5.O-O a6 6.Ba4 b5 7.Bb3 Bb7 8.d3 e6
9.a4 Nf6 10.c3 dxc3 11.bxc3 Be7 12.e5 Nd5 13.Qg4 Kf8 14.Bxd5 h5 15.Qe2 Bxd5
16.Nd2 bxa4 17.Ba3 Bxa3 18.Rxa3 Bc6 19.Nc4 Rh6 20.f4 Rg6 21.Rf2 Rb8 22.Ra1 Qh4
23.Ne3 Kg8 24.d4 Rb3 25.Qc2 f5 26.d5 Bb5 27.Rf3 Qe7 28.c4 Qc5 29.cxb5 Qxc2
30.Nxc2 Rxf3 31.bxa6 Rc3 32.a7 Rc8 33.Rxa4 Ra8 34.d6 Kf7 35.Nd4 Rh6 36.Nb5 Rhh8
37.Rc4 Rhd8 38.Rc7 h4 39.Rb7 g5 40.Nc7 Rac8 41.a8=Q Rxa8 42.Nxa8 Rxa8 43.Rxd7+ Kg6
44.Re7 Kh5 45.Rxe6 Kg4 46.d7 h3 47.Ra6 Rxa6 48.d8=Q Ra1+ 49.Kf2 Ra2+ 50.Ke1 Ra1+
51.Ke2 Ra2+ 52.Kd1 hxg2 53.Qxg5+ Kf3 54.Qg3+ Ke4 55.Ke1 g1=Q+ 56.Qxg1 Ra1+
57.Kf2 Ra2+  1-0

[Event "Kastav"]
[Site "Opatija CRO"]
[Date "2000.05.05"]
[Round "1"]
[White "Zelenika,S"]
[Black "Nurkic,S"]
[Result "1/2-1/2"]
[WhiteElo "2261"]
[BlackElo "2418"]

1.e4 c5 2.Nf3 Nc6 3.Bb5 g6 4.Bxc6 dxc6 5.O-O Bg7 6.d3 Nf6 7.Nc3 O-O 8.h3 Ne8
9.Be3 b6 10.Qd2 e5 11.a3  1/2-1/2

[Event "Capablanca Mem Premier II"]
[Site "Varadero CUB"]
[Date "2000.05.08"]
[Round "2"]
[White "Vazquez,R"]
[Black "Hernandez,Rom"]
[Result "1/2-1/2"]
[WhiteElo "2429"]
[BlackElo "2402"]

1.e4 c5 2.Nf3 Nc6 3.Bb5 g6 4.Bxc6 dxc6 5.d3 Bg7 6.O-O Nf6 7.h3 O-O 8.Be3 b6
9.Nc3 Ne8 10.Qd2 e5 11.a3 Nc7 12.b4 Ne6 13.bxc5 Nxc5 14.Bxc5 bxc5 15.Na4 c4
16.Qc3 cxd3 17.cxd3 Qf6 18.Nh2 h5 19.Rab1 Bh6 20.Nc5 Kg7 21.Kh1 Re8 22.f4 exf4
23.d4 Kg8 24.e5 Qe7 25.Ne4 Be6 26.Nf6+ Kg7 27.Qxc6 Rac8 28.Nxe8+ Qxe8 29.Qxe8 Rxe8
30.Rfd1 Bd5 31.Rb5 Rd8 32.Ra5 Rd7 33.Nf3 g5 34.Kg1 g4 35.hxg4 hxg4 36.Nh2 g3
37.Nf3 Kg6 38.Ra6+ Kh5 39.Rd6 Bxf3 40.gxf3 Rb7 41.Rd2 Bf8 42.Rc6 Bxa3 43.Rd1 Bb2
44.Kg2 Bxd4 45.Rxd4 Rb2+ 46.Kf1 Rb1+  1/2-1/2

[Event "3rd Open"]
[Site "Tanta City EGY"]
[Date "2000.05.10"]
[Round "7"]
[White "Kalod,R"]
[Black "Halkias,S"]
[Result "1/2-1/2"]
[WhiteElo "2445"]
[BlackElo "2482"]

1.e4 c5 2.Nf3 Nc6 3.Bb5 d6 4.O-O Bd7 5.c3 Nf6 6.Re1 a6 7.Ba4 c4 8.d4 cxd3
9.Bg5 Ng4 10.Qxd3 h6 11.Bc1 g6 12.Bxc6 Bxc6 13.h3 Nf6 14.c4 Bg7 15.Nc3 O-O
16.Bd2 Nd7 17.Qe3 Qb6 18.Qxb6 Nxb6 19.b3 Nd7 20.Rab1 Nc5 21.Nd5 Rae8 22.Bc3 Bxd5
23.Bxg7 Bxe4 24.Bxh6 Bxb1 25.Rxb1 b5 26.Bxf8 Kxf8 27.Nd2 Rc8 28.Kf1 Nd3 29.Ke2 Nf4+
30.Kf3 e5 31.h4 Ke7 32.g3 Ne6 33.Ke3 f5 34.Kd3 e4+ 35.Ke3 d5 36.cxd5 Rc3+
37.Ke2 Nd4+ 38.Kd1 Kd6 39.Rc1 Rd3 40.Ke1 Kxd5 41.Nf1 Nf3+ 42.Ke2 Nd4+ 43.Ke1 Nf3+
44.Ke2 Kd4 45.Rc8 Ng1+ 46.Ke1 Rc3 47.Rd8+ Ke5 48.Ne3 Rc1+ 49.Rd1 Nf3+ 50.Ke2 Nd4+
51.Kd2 Rc6 52.Rh1 Nf3+ 53.Ke2 Rd6 54.Rd1 Nd4+ 55.Kf1 Rc6 56.Kg2 Rc3 57.Kf1 Rc6
58.Kg2 Rc8 59.Kf1 Rc3 60.Ke1 Nc2+ 61.Kd2 Nxe3 62.fxe3 Rd3+ 63.Ke2 Rxd1 64.Kxd1 b4
65.Ke2 Kf6 66.Kf2 g5 67.Kg2 Kg6 68.Kh2 Kh6 69.Kg2 Kg6  1/2-1/2

[Event "ch-RUS Women"]
[Site "Elista RUS"]
[Date "2000.05.11"]
[Round "1"]
[White "Zakurdjaeva,I"]
[Black "Shumiakina,T"]
[Result "0-1"]
[WhiteElo "2216"]
[BlackElo "2365"]

1.e4 c5 2.Nf3 Nc6 3.Bb5 e6 4.Bxc6 bxc6 5.b3 Ne7 6.Ba3 Ng6 7.d4 Qf6 8.e5 Qf4
9.O-O cxd4 10.Bxf8 Rxf8 11.Re1 c5 12.Qd3 Bb7 13.Nbd2 f6 14.Qb5 Bc6 15.Qxc5 fxe5
16.Nc4 Bxf3 17.gxf3 Qxf3 18.Nd6+ Kd8 19.Re4 Rf4 20.Nb7+ Ke8 21.Nd6+ Kf8 22.Rae1 Kg8
23.Qb5 Qxf2+  0-1

[Event "ch-RUS Women"]
[Site "Elista RUS"]
[Date "2000.05.11"]
[Round "1"]
[White "Polovnikova,E"]
[Black "Kochetkova,J"]
[Result "1-0"]
[WhiteElo "2356"]
[BlackElo "2197"]

1.e4 c5 2.Nf3 Nc6 3.Bb5 e6 4.b3 f6 5.O-O a6 6.Bxc6 bxc6 7.c3 Nh6 8.d4 Nf7
9.Ba3 cxd4 10.Bxf8 Kxf8 11.cxd4 d6 12.Qc2 Bd7 13.e5 Rc8 14.exd6 Nxd6 15.Nbd2 Be8
16.Rfe1 Bf7 17.Rac1 g5 18.Qc5 Kg7 19.h3 Nf5 20.Nc4 h5 21.Ne3 Nxe3 22.Rxe3 g4
23.Ne1 gxh3 24.Rxh3 h4 25.Qc3 Bg6 26.Nf3 Kf7 27.Rxh4 Rxh4 28.Nxh4 Be4 29.Qe3 f5
30.g3 Qh8 31.f3 Rg8 32.Kf2 Bd5 33.Qf4 Rc8 34.Rc5 Qd8 35.Qh6 Qg8 36.Qh5+ Kf6
37.Qh6+ Kf7 38.Ra5 Ra8 39.Qh5+ Kf6 40.Qh6+ Kf7 41.Ng2 Ke7 42.Nf4 Ra7 43.Ng6+ Kd7
44.Rc5 Rc7 45.Nf4 Rb7 46.Ra5 Ra7 47.Qg6 Qxg6 48.Nxg6 Kc7 49.Nf4 Kb6 50.Rc5 a5
51.Nxd5+ exd5 52.Ke3 a4 53.Kf4 axb3 54.axb3 Rf7 55.Rc3 Kc7 56.Re3 Kd6 57.b4 Rb7
58.Kxf5 Rxb4 59.Rd3 c5 60.dxc5+ Kxc5 61.Ke5 d4 62.Rd1 Rb3 63.Rxd4 Rxf3 64.g4 Rf2
65.Rf4 Rg2 66.Kf6 Kd5 67.g5  1-0

[Event "ch-RUS Women"]
[Site "Elista RUS"]
[Date "2000.05.13"]
[Round "3"]
[White "Kovalevskaya,E"]
[Black "Shumiakina,T"]
[Result "1/2-1/2"]
[WhiteElo "2451"]
[BlackElo "2365"]

1.e4 c5 2.Nf3 Nc6 3.Bb5 e6 4.O-O Nge7 5.Nc3 a6 6.Bxc6 Nxc6 7.d4 cxd4 8.Nxd4 Qc7
9.Nxc6 dxc6 10.Be3 Be7 11.Bc1 Bf8 12.Be3 Be7 13.f4 O-O 14.a4 b6 15.Qg4 f5
16.Qe2 c5 17.exf5 Rxf5 18.Bd2 Qc6 19.Ne4 Bb7 20.Ng3 Rf7 21.Rf2 Bf6 22.c3 Rd8
23.Be3 c4 24.Qg4 Rd3 25.Re1 b5 26.axb5 axb5 27.Nh5 Qd7 28.h4 Be4  1/2-1/2

[Event "ch-RUS Women"]
[Site "Elista RUS"]
[Date "2000.05.14"]
[Round "4"]
[White "Korbut,E"]
[Black "Chasovnikova,E"]
[Result "0-1"]
[WhiteElo "2294"]
[BlackElo "2185"]

1.e4 c5 2.Nf3 Nc6 3.Bb5 g6 4.O-O Bg7 5.c3 e5 6.d4 cxd4 7.cxd4 exd4 8.Bf4 Nge7
9.Bd6 O-O 10.Nbd2 a6 11.Bc4 b5 12.Bd5 h6 13.Rc1 Re8 14.Re1 Bb7 15.Nb3 Nxd5
16.exd5 Na7 17.Rc5 Rc8 18.Nfxd4 Qb6 19.Rxc8 Rxc8 20.Bg3 a5 21.Nf3 a4 22.Nbd4 Qc5
23.b3 axb3 24.Nxb3 Qxd5 25.h3 b4 26.Qxd5 Bxd5 27.Rd1 Be6 28.Bd6 Nc6 29.g4 Ra8
30.Rd2 Bc3 31.Rc2 Kg7 32.Nc1 Bd5 33.Kg2 Bxf3+  0-1

[Event "ch-RUS Women"]
[Site "Elista RUS"]
[Date "2000.05.16"]
[Round "6"]
[White "Potihoshkina,N"]
[Black "Kochetkova,J"]
[Result "1/2-1/2"]
[WhiteElo "2195"]
[BlackElo "2197"]

1.e4 c5 2.Nf3 Nc6 3.Bb5 e6 4.O-O Nge7 5.c3 d5 6.exd5 Qxd5 7.Qe2 Bd7 8.Bc4 Qh5
9.d4 cxd4 10.cxd4 Nb4 11.Nc3 Ned5 12.a3 Nxc3 13.bxc3 Nd5 14.Bb5 Rd8 15.Bxd7+ Rxd7
16.c4 Nc7 17.Qe4 b5 18.Qc6 Kd8 19.Bf4 f6 20.Rab1 Qf5 21.Bxc7+ Rxc7 22.Qa8+ Rc8
23.Qxa7 bxc4 24.a4 g5 25.Rb5 Qf4 26.d5 Qc7 27.Qa6 Qd6 28.Rb6 Qxd5 29.Rxe6 Bc5
30.Ree1 Qc6 31.Qa5+ Qb6 32.Qd2+ Kc7 33.Qd5 Qc6 34.Qf7+ Kb8 35.Kh1 c3 36.Qb3+ Qb6
37.Qc2 Ka8 38.Rb1 Qa6 39.Qxc3 Bxf2 40.Qd2 Bc5 41.Rb5 Ba7 42.Rd1 h5 43.Qd3 Qe6
44.Rd5 h4 45.Rd6 Qc4 46.Qf5 h3 47.gxh3 Rhe8 48.a5 Re2 49.Rd8 Bb8 50.Qd5+ Qxd5
51.R1xd5 Rf2 52.Rd3  1/2-1/2

[Event "ch-RUS Women"]
[Site "Elista RUS"]
[Date "2000.05.17"]
[Round "7"]
[White "Kovalevskaya,E"]
[Black "Polovnikova,E"]
[Result "1-0"]
[WhiteElo "2451"]
[BlackElo "2356"]

1.e4 c5 2.Nf3 Nc6 3.Bb5 g6 4.O-O Bg7 5.c3 Nf6 6.Re1 O-O 7.h3 e5 8.d4 cxd4
9.cxd4 exd4 10.e5 Nd5 11.Bg5 Qb6 12.Na3 h6 13.Bh4 Nf4 14.Qd2 Ne6 15.Rac1 a6
16.Bxc6 dxc6 17.Be7 Re8 18.Nc4 Qa7 19.Bf6 Bd7 20.Nd6 c5 21.Nh2 Nc7 22.Bxg7 Kxg7
23.Qf4 Rf8 24.Qf6+ Kh7 25.Qe7 Be6 26.Qxc7 b6 27.Qxa7 Rxa7 28.a3 Rc7 29.Red1 Rd8
30.Rxd4  1-0

[Event "ch-RUS Women"]
[Site "Elista RUS"]
[Date "2000.05.18"]
[Round "8"]
[White "Mashinskaya,I"]
[Black "Korbut,E"]
[Result "0-1"]
[WhiteElo "2381"]
[BlackElo "2294"]

1.Nf3 c5 2.e4 Nc6 3.Bb5 d6 4.d4 cxd4 5.Qxd4 Bd7 6.Bxc6 Bxc6 7.Nc3 Nf6 8.Bg5 e6
9.O-O-O Be7 10.Rhe1 O-O 11.Qd2 Qb6 12.Nd4 Rfc8 13.f3 Be8 14.g4 Rc4 15.Be3 Qa6
16.Kb1 Rac8 17.Nce2 Ra4 18.Nc1 Nd7 19.Qe2 Ne5 20.Qxa6 Rxa6 21.Nd3 Nc4 22.Bc1 Bf6
23.Nb4 Rb6 24.c3 a5 25.Nbc2 g5 26.h4 gxh4 27.g5 Be5 28.f4 Bxd4 29.Rxd4 e5
30.Rd3 exf4 31.Rh3 Rc5 32.Rxh4 Rxg5 33.Reh1 Bc6 34.Rxf4 Re5 35.Rg4+ Kf8 36.Rxh7 Bxe4
37.Bh6+ Ke7 38.Bg5+ Ke6 39.Rh6+ Kd7 40.Kc1 Rxb2 41.Na3 Reb5 42.Rxe4 Nxa3
43.Rxd6+ Kc7 44.Bd8+ Kc8 45.Kd1 Rxa2  0-1

[Event "Capablanca Mem Premier II"]
[Site "Varadero CUB"]
[Date "2000.05.19"]
[Round "10"]
[White "De la Paz,F"]
[Black "Bellon Lopez,JM"]
[Result "1/2-1/2"]
[WhiteElo "2462"]
[BlackElo "2446"]

1.e4 c5 2.Nf3 Nc6 3.Bb5 e6 4.Bxc6 bxc6 5.b3 Ne7 6.e5 Ng6 7.h4 f6 8.Bb2 Be7
9.h5 Nxe5 10.Nxe5 fxe5 11.h6 g6 12.Bxe5 O-O 13.Nc3 Rf5 14.Qe2 Ba6 15.Qxa6 Rxe5+
16.Ne2 Bf6 17.O-O-O Qb6 18.Qd3 Qa5 19.Kb1 Qa3 20.Nc3 Rd5 21.Qf3 Rf8 22.Qe2 a5
23.Rh3 Bd4 24.Rf3 Rxf3 25.Qxf3 c4 26.Qg3 Be5 27.f4 Bf6 28.Qe3 cxb3 29.cxb3 a4
30.Nxa4 Ra5 31.Nc3 Bxc3 32.Qxc3 Qxa2+ 33.Kc1 Qa1+ 34.Kc2 Ra2+ 35.Kd3 Qxc3+
36.dxc3 Kf7 37.g4 Rg2 38.g5 Rg3+ 39.Kd4 Ke7 40.Rf1 c5+ 41.Kc4 Kd6 42.b4 cxb4
43.cxb4 Ra3 44.Kd4 Ra8 45.Rc1 Rf8 46.Ke4 Rf5 47.Rd1+ Ke7 48.Ra1 Rb5 49.Ra8 Rxb4+
50.Ke3 Rb3+ 51.Kd4 Rb4+ 52.Ke3 Rb3+ 53.Kd4 Rb4+ 54.Ke3  1/2-1/2

[Event "Capablanca Mem Premier I"]
[Site "Varadero CUB"]
[Date "2000.05.19"]
[Round "10"]
[White "Perez,Rod"]
[Black "Franco Ocampos,Z"]
[Result "1/2-1/2"]
[WhiteElo "2472"]
[BlackElo "2511"]

1.e4 c5 2.Nf3 Nc6 3.Bb5 e6 4.O-O Nge7 5.Nc3 a6 6.Bxc6 Nxc6 7.d4 cxd4 8.Nxd4 Qc7
9.Nxc6 bxc6 10.Re1 Bd6 11.h3 O-O 12.Be3 Rb8 13.Rb1 c5  1/2-1/2

[Event "It"]
[Site "Sisak CRO"]
[Date "2000.05.20"]
[Round "6"]
[White "Fuksik,J"]
[Black "Videki,S"]
[Result "1/2-1/2"]
[WhiteElo "2275"]
[BlackElo "2439"]

1.e4 c5 2.Nf3 Nc6 3.Bb5 d6 4.O-O Bd7 5.Re1 a6 6.Bxc6 Bxc6 7.d4 cxd4 8.Qxd4 e5
9.Qd3 h6 10.c4 Nf6 11.Nc3 Be7 12.a4 O-O  1/2-1/2

[Event "It"]
[Site "Sisak CRO"]
[Date "2000.05.21"]
[Round "7"]
[White "Biolek,R"]
[Black "Jankovic,A"]
[Result "1/2-1/2"]
[WhiteElo "2432"]
[BlackElo "2320"]

1.e4 c5 2.Nf3 Nc6 3.Bb5 g6 4.O-O Bg7 5.Re1 Nf6 6.c3 O-O 7.d4 d5 8.e5 Ne4
9.Nbd2 Nxd2 10.Bxd2 Qb6 11.Bxc6 bxc6 12.dxc5 Qxc5 13.b4 Qc4 14.Qb3 Qd3 15.Bg5 Re8
16.Nd4 Bd7 17.Rad1 Qc4 18.Qxc4 dxc4 19.Nc2 Bf5 20.Nd4 Bd7 21.Nc2 Bf5  1/2-1/2

[Event "City-ch"]
[Site "Lisbon POR"]
[Date "2000.05.22"]
[Round "5"]
[White "Fernando,D"]
[Black "Morais,V"]
[Result "1-0"]
[WhiteElo "2270"]
[BlackElo "2156"]

1.e4 c5 2.Nf3 Nc6 3.Bb5 e6 4.Bxc6 bxc6 5.b3 Ne7 6.Bb2 Ng6 7.e5 Be7 8.Na3 f6
9.O-O O-O 10.Nc4 fxe5 11.Ncxe5 Nxe5 12.Nxe5 Bf6 13.d4 cxd4 14.Bxd4 c5 15.Bb2 Bb7
16.Qd6 Bxe5 17.Qxe5 Qe7 18.Rfe1 Rac8 19.c4 Rf6 20.Qg5 Rf7 21.Qxe7 Rxe7 22.Rad1 Rf7
23.Ba3 Rc6 24.Re5 h6 25.Bxc5 d5 26.Bxa7 dxc4 27.bxc4 Rxc4 28.Be3 Rc2 29.a4 Bd5
30.Ra1 Rb7 31.h3 Rbb2 32.a5 Ra2 33.Rxa2 Rxa2 34.Bb6 Kf7 35.Re1 g5 36.Rc1 h5
37.Rc3 Kf6 38.Kh2 Kf5 39.Kg3 h4+ 40.Kh2 Ra1 41.Rc8 e5 42.Rf8+ Kg6 43.Rd8 Bc4
44.Rd6+ Kf5 45.Bd8 Be6 46.Bb6 Ra2 47.Rc6 Bd5 48.Rc7 Kf6 49.Rc5 Ke6 50.Rc8 Kf7
51.Rh8 Kg6 52.Re8 Kf5 53.Rd8 Ke6 54.Re8+ Kf5 55.Bc7 Be6 56.Rf8+ Kg6 57.Bb6 Bd5
58.Rc8 Kf5 59.Rc7 Ke6 60.Ra7 Kf5 61.Be3 Kf6 62.Bc5 Rc2 63.Bb6 Ra2 64.Be3 Kg6
65.Re7 Kf5 66.Rg7 Kf6 67.Rxg5 Rxf2 68.Bxf2 Kxg5 69.a6 Bc4 70.a7 Bd5 71.Be1 Bc6
72.Ba5 Bb7 73.Bd8+ Kh5 74.Bf6 e4 75.Bd4 Kg5 76.Be3+ Kh5 77.Kg1 Kg6 78.Kf2 Kf5
79.Kf1 Ba6+ 80.Kf2 Bb7 81.Bb6 Kg5 82.Ke3 Kh5 83.Ba5 Kg5 84.Be1 Kh5 85.Kd4 e3
86.g4+ hxg3 87.Bxg3 Kg5 88.Ke5 Ba8 89.Kd6 Kf5 90.Kc7 Ke4 91.Be1 Kf3 92.h4 Ke2
93.Ba5  1-0

[Event "ch-CZE"]
[Site "Opava CZE"]
[Date "2000.05.26"]
[Round "5"]
[White "Velicka,P"]
[Black "Babula,V"]
[Result "1/2-1/2"]
[WhiteElo "2458"]
[BlackElo "2573"]

1.e4 c5 2.Nf3 Nc6 3.Bb5 d6 4.Bxc6+ bxc6 5.O-O Bg4 6.d3 e5 7.Nbd2 Nf6 8.h3 Bh5
9.c3 Be7 10.Qa4 Qc7 11.Re1 O-O 12.d4 exd4 13.cxd4 Nd7 14.b3 Bxf3 15.Nxf3 cxd4
16.Nxd4 Bf6 17.Bb2 Nc5 18.Qc4 Nxe4 19.Rac1 Qb6 20.Qc2 c5  1/2-1/2

[Event "Guillermo Garcia Premier I"]
[Site "Santa Clara CUB"]
[Date "2000.05.26"]
[Round "3"]
[White "De la Paz,F"]
[Black "Gonzalez,Bernal"]
[Result "0-1"]
[WhiteElo "2462"]
[BlackElo "2416"]

1.e4 c5 2.Nf3 Nc6 3.Bb5 g6 4.O-O Bg7 5.Re1 Nf6 6.Nc3 O-O 7.e5 Ne8 8.d3 Nc7
9.Bxc6 dxc6 10.Ne4 b6 11.h3 Ne6 12.Ng3 Nd4 13.Nxd4 cxd4 14.Bf4 c5 15.Qd2 Bb7
16.Bh6 f5 17.exf6 exf6 18.Bxg7 Kxg7 19.Qf4 Qd7 20.f3 Rae8 21.Ne4 Bxe4 22.fxe4 b5
23.Re2 Re5 24.b3 c4 25.a4 Rf7 26.Rf2 a6 27.dxc4 bxc4 28.Rd1 cxb3 29.cxb3 Qe6
30.Rxd4 Qxb3 31.Kh2 Qe6 32.Rfd2 h5 33.R2d3 Qe8 34.Qf3 Rfe7 35.Rd6 R5e6 36.Qf4 Qxa4
37.Rxe6 Rxe6 38.Qc7+ Kh6 39.Qc8 Re8  0-1

[Event "Open A"]
[Site "Lido Estensi ITA"]
[Date "2000.05.27"]
[Round "1"]
[White "Godena,M"]
[Black "Ricci,A"]
[Result "1-0"]
[WhiteElo "2487"]
[BlackElo "2093"]

1.e4 c5 2.Nf3 Nc6 3.Bb5 d6 4.O-O Bd7 5.c3 Nf6 6.Re1 a6 7.Ba4 b5 8.Bc2 e5
9.h3 g6 10.d4 Bg7 11.dxc5 dxc5 12.Be3 Qe7 13.Nbd2 Na5 14.b4 Nb7 15.Nb3 cxb4
16.cxb4 Qxb4 17.Nxe5 Rd8 18.Nd3 Qe7 19.Bg5 Be6 20.e5 h6 21.exf6 Bxf6 22.Bxf6 Qxf6
23.Qe2 O-O 24.Qe5 Qh4 25.Nf4 Bc4 26.g3 Qg5 27.Qxg5 hxg5 28.Ng2 a5 29.Be4 Bxb3
30.axb3 Nc5 31.Rxa5 Nxb3 32.Rxb5 Nd2 33.Bd5 Rxd5 34.Rxd5 Nf3+ 35.Kf1 Nxe1
36.Nxe1 f6 37.Rd7 Ra8 38.Nc2 Ra6 39.Ne3 f5 40.Kg2 Kf8 41.Kf3 Ra4 42.Rc7 Kg8
43.Nc4 Rb4 44.Ne5 Rb3+ 45.Kg2  1-0

[Event "ch-IND"]
[Site "Mumbai IND"]
[Date "2000.05.28"]
[Round "12"]
[White "Sareen,V"]
[Black "Prasad,D"]
[Result "0-1"]
[WhiteElo "2351"]
[BlackElo "2421"]

1.e4 c5 2.Nf3 Nc6 3.Bb5 e6 4.Bxc6 bxc6 5.b3 d6 6.O-O e5 7.h3 g6 8.c3 Bg7
9.Re1 Ne7 10.Bb2 f5 11.d4 cxd4 12.cxd4 fxe4 13.Rxe4 Bf5 14.Re1 e4 15.Ng5 d5
16.f3 O-O 17.fxe4 dxe4 18.Nxe4 Nd5 19.Nbd2 Nf4 20.Nf3 Bxe4 21.Rxe4 Qd5 22.Re3 Rae8
23.Rxe8 Rxe8 24.Kf2 Qb5 25.Kg3 Re2 26.Kxf4 Rxg2 27.Ne5 Qd5 28.Ke3 Rxb2 29.Qf3 Bh6+  0-1

[Event "ch-Europe Women"]
[Site "Batumi GEO"]
[Date "2000.05.29"]
[Round "2.1"]
[White "Kovalevskaya,E"]
[Black "Alexandria,N"]
[Result "1-0"]
[WhiteElo "2451"]
[BlackElo "2320"]

1.e4 c5 2.Nf3 Nc6 3.Bb5 e6 4.O-O Nge7 5.Nc3 a6 6.Bxc6 Nxc6 7.d4 cxd4 8.Nxd4 Qc7
9.Nxc6 bxc6 10.Qg4 h5 11.Qg5 h4 12.h3 g6 13.Qf6 Rh7 14.Bg5 d6 15.Bxh4 Bg7
16.Qf4 Rb8 17.Rab1 Rb4 18.Bf6 e5 19.Qf3 Bf8 20.a3 Rb8 21.Qg3 Bh6 22.Rfd1 Bf8
23.f4 exf4 24.Qxf4 Rh5 25.Rd3 Be6 26.Re1 Re5 27.b3 Be7 28.Bxe5 dxe5 29.Qh6 Bxa3
30.Red1 Bf8 31.Qh8 Qb6+ 32.Kh1 Qc5 33.Na4 Qa5 34.Rd6 Ke7 35.Qh4+ Ke8 36.Rxe6+  1-0

[Event "Bank Pocztowy Open"]
[Site "Bydgoszcz POL"]
[Date "2000.05.31"]
[Round "4"]
[White "Zolnierowicz,K"]
[Black "Dzjuba,V"]
[Result "0-1"]
[WhiteElo "2340"]
[BlackElo "2274"]

1.e4 c5 2.Nf3 Nc6 3.Bb5 g6 4.O-O Bg7 5.c3 Nf6 6.Re1 O-O 7.h3 e5 8.d3 d6 9.Bxc6 bxc6
10.d4 cxd4 11.cxd4 exd4 12.Nxd4 Bb7 13.Nc3 Re8 14.Bg5 Qb6 15.Nb3 c5 16.Qc2 Nd7
17.Rad1 Ne5 18.Nd5 Bxd5 19.Rxd5 c4 20.Nd2 Nd3 21.Re2 Nb4 22.Nxc4 Qc6 23.Rxd6 Nxc2
24.Rxc6 Nd4  0-1